Bilecik Bilecik Bilecik Bilecik Bilecik

Belgelerle Osmanlı-Türkistan ilişkileri (XVI-XX. yüzyıllar)/ (Record no. 6771)

MARC details
000 -BAŞLIK
Sabit Uzunluktaki Kontrol Alanı 01405nam a22003737a 4500
001 - KONTROL NUMARASI
Control Dosyası 0006790
003 - KONTROL NUMARASI KİMLİĞİ
Kontrol Alanı KOHA_MİRAKIL
005 - EN SON İŞLEM TARİHİ ve ZAMANI
Kontrol Alanı 20260207001534.0
007 - FİZİKSEL TANIM SABİT ALAN - GENEL BİLGİ
Sabit uzunluklu kontrol alanı ta
008 - SABİT UZUNLUKTAKİ VERİ ÖGELERİ - GENEL BİLGİ
Sabit Alan 090806b2004 tu |||gr||||#0|||0|tur |
020 ## - ISBN - ULUSLARARASI STANDART KİTAP NUMARASI
Isbn 9751936829
020 ## - ISBN - ULUSLARARASI STANDART KİTAP NUMARASI
Isbn 9789751936820
Kullanılabilirlik koşulları 0,01
040 ## - KATALOGLAMA KAYNAĞI
Özgün Kataloglama Kurumu TR-BiSEU
Kataloglama Dili tur
Çeviri Kurumu TR-BiSEU
Açıklama Kuralları rda
041 0# - DİL KODU
Metin ya da ses kaydının dil kodu tur
044 ## - YAYINLAYAN/ÜRETEN KURULUŞUN ÜLKE KODU
ISO country code tu
050 ## - SINIFLAMA ve YER NUMARASI
Sınıflama Numarası DR479
Yer Numarası .B45 2004
245 0# - ESER ADI BİLDİRİMİ
Başlık Belgelerle Osmanlı-Türkistan ilişkileri (XVI-XX. yüzyıllar)/
Sorumluluk Bildirimi editör Yusuf Sarınay, Cevat Ekici...[ve bşk.].
264 #1 - ÜRERİM, YAYIN, DAĞITIM ve TELİF BİLDİRİMİ
Yayın yeri Ankara :
Yayınlayan T.C. Başbakanlık Devlet Arşivleri Genel Müdürlüğü
Yayın tarihi 2004
300 ## - FİZİKSEL TANIMLAMA
Sayfa, Cilt vb. xx, 277: resimli, maps (some col.)
336 ## - İÇERİK TÜRÜ
Content type term metin
Content type code txt
Source rdacontent
337 ## - MEDYA TÜRÜ
Media type term aracısız
Media type code n
Source rdamedia
338 ## - TAŞIYICI TÜRÜ
Carrier type term cilt
Carrier type code nc
Source rdacarrier
490 1# - DİZİ BİLDİRİMİ
Dizi Bildirimi Osmanli Arşivi Daire Başkanlığı yayın ;
Cilt Numarası nu.
490 1# - DİZİ BİLDİRİMİ
Dizi Bildirimi 70.
500 ## - GENEL NOT
Genel Not Dizin var.
500 ## - GENEL NOT
Genel Not In romanized Ottoman Turkish with facsimiles of original Ottoman Turkish documents in Arabic script, and with the introduction in Turkish
650 #0 - KONU BAŞLIĞI EK GİRİŞ - KONU TERİMİ
Konusal terim veya coğrafi ad Turkey--Foreign relations--Asia, Central--Sources.
9 (RLIN) 16779
650 #0 - KONU BAŞLIĞI EK GİRİŞ - KONU TERİMİ
Konusal terim veya coğrafi ad Asia, Central--Foreign relations--Turkey--Sources.
9 (RLIN) 16780
650 #0 - KONU BAŞLIĞI EK GİRİŞ - KONU TERİMİ
Konusal terim veya coğrafi ad Turkey--History Ottoman Empire, 1288-1918--Sources.
9 (RLIN) 16781
830 1# - SERİ EK GİRİŞİ - TEKBİÇİM ESER ADI
Tekbiçim Başlık Osmanli Arşivi Daire Başkanlığı yayın ;
Volume number/sequential designation nu.
9 (RLIN) 16782
830 1# - SERİ EK GİRİŞİ - TEKBİÇİM ESER ADI
Tekbiçim Başlık 70.
9 (RLIN) 16783
907 ## - LOCAL DATA ELEMENT G, LDG (RLIN)
a Tarih
942 ## - EK GİRİŞ ÖGELERİ (KOHA)
Source of classification or shelving scheme Library of Congress Classification
Koha item type Book
Holdings
Materyal Türü Kalıcı Konum Mevcut Konum Raf Yeri Sınıflandırma Kaynağı Edinim Bilgisi Ana Konular Alt Konular Yer Numarası Demirbaş Numarası Fatura Tarihi Geri Çekilme Durumu Kayıp Durumu Hasarlı Durumu Kredi için değil Kayıt Tarih Toplam Ödünçverme Son Görülme Tarihi Son Kontrol Tarihi Genel / Bağış Notu
Book Prof. Dr. Azmi Özcan Kütüphanesi Prof. Dr. Azmi Özcan Kütüphanesi Uluğbey Salonu Library of Congress Classification Bağış DÜNYA TARİHİ (AVRUPA, ASYA, AFRİKA VB.) Balkan Yarımadası DR479 .B45 2004 0006790 13/08/2010         06/08/2009 1 05/12/2024 05/12/2024 Genel Bağış